书目信息 |
| 题名: |
红军长征在四川的战斗历程
|
|
| 作者: | 沈果正 编写 | |
| 分册: | ||
| 出版信息: | 成都 四川人民出版社 1981.06 |
|
| 页数: | 231页 | |
| 开本: | 19cm | |
| 丛书名: | ||
| 单 册: | ||
| 中图分类: | K264.4 | |
| 科图分类: | ||
| 主题词: | 中国--历史 | |
| 电子资源: | ||
| ISBN: | ||
| 000 | 00649nam0 2200229 45 | |
| 001 | 0181009920 | |
| 005 | 20060426091806.56 | |
| 010 | @dCNY0.65 | |
| 091 | @a11118.76 | |
| 100 | @a19950424d1981 em y0chiy0121 ea | |
| 101 | 0 | @achi |
| 102 | @aCN@b510000 | |
| 105 | @ay z 000yy | |
| 200 | 10 | @a红军长征在四川的战斗历程@Ahong jun chang zheng zai si chuan de zhan dou li cheng@f沈果正等编写 |
| 210 | @a成都@c四川人民出版社@d1981.06 | |
| 215 | @a231页@c地图@d19cm | |
| 606 | 0 | @a中国@x历史 |
| 690 | @aK264.4@v3 | |
| 701 | 0 | @a沈果正@Ashen guo zheng@4编写 |
| 801 | 2 | @aCN@bNLC@c20060426 |
| 801 | 0 | @aCN@b上海图书馆@c20031217 |
| 905 | @dK264.4@e12 | |
| 红军长征在四川的战斗历程/沈果正等编写.-成都:四川人民出版社,1981.06 |
| 231页:地图;19cm |
| ISBN :CNY0.65 |
| ● |
| 相关链接 |
|
|
|
|
正题名:红军长征在四川的战斗历程
索取号:K264.4/12
 
预约/预借
| 序号 | 登录号 | 条形码 | 馆藏地/架位号 | 状态 | 备注 |
| 1 | 0075699 | 000353227 | 第二借阅区/ [索取号:K264.4/12] | 在馆 | |
| 2 | 0075700 | 202261275 | 密集书库/ [索取号:K264.4/12] | 在馆 | |
| 3 | 0075701 | 001593083 | 密集书库/ [索取号:K264.4/12] | 在馆 | |
| 4 | 0075702 | 000353218 | 第二样本阅览室/ [索取号:K264.4/12] | 在馆 | |
| 5 | 0075703 | 001593127 | 密集书库/ [索取号:K264.4/12] | 在馆 |